• 首页
  • 本馆介绍
  • 公告通知
  • 最新文献
  • 馆藏检索
  • 电子资源
  • 读者导购
  • 参考咨询
  • 我的图书馆
  • 登录
  • 详细信息显示
  • 放入我的书架
  • 预约/预借图书
  • 作者相关作品
  • 分类相关作品
  • 丛书相关作品
  • 出版社相关作品

书目信息

  • 表格格式
  • 工作单格式
  • 卡片格式
书名: The practice of social research
作者: Earl Babbie.
分册号:
分册名:
出版地: Belmont, CA :
 
出版社: Wadsworth Thomson Learning
出版时间: c2001.
页数: 1 v. (various pagings) :
开本: 24 cm.
丛书名:
中图分类号:
科图分类号:
其他分类号: C3
主题词:
电子资源:
000 00895nam 2200289 a 4500
001 E0760503898
003 OCoLC
005 20070313165337.90
008 uu
008 001 0 eng
010    @a00034971
020    @a0534574742.
040    @aDLC @cDLC
049    @aN5LA
050 00 @aH62 @b.B2 2001
082 00 @a300/.7/2 @221
096    @aC3 @v4
099    @dC3@ex3=6
100 1  @aBabbie, Earl R.
245 14 @aThe practice of social research / @cEarl Babbie.
250    @a6th ed.
260    @aBelmont, CA :@bWadsworth Thomson Learning,@cc2001.
300    @a1 v. (various pagings) :@bill. ;@c24 cm.
504    @aIncludes bibliographical references (p. B1-B11) and index.
650  0 @aSocial sciences @xMethodology. @b00 @c20020930 @lNLC09 @h2256 @lNLC09 @h0050 @lNLC09 @h2048
650  0 @aSocial sciences @xResearch.
852 9  @bWWJC @cJ09 @k2-2002 @hC3 @iB112/2001
    
    The practice of social research / / Earl Babbie.-6th ed.-Belmont, CA : : Wadsworth Thomson Learning, , c2001.
    1 v. (various pagings) : : ill. ; ; 24 cm.
    Includes bibliographical references (p. B1-B11) and index.
    
    ISBN 0534574742.
    
●
相关链接 在E读中查询图书 在五车中查询图书 在当当中查询图书 在豆瓣中查询图书


正题名:practice of social research     索取号:C3/x3=6         预约/预借

序号 登录号 条形码 馆藏地/架位号 状态 备注
1 0001661   300016612   第二样本阅览室/ [索取号:C3/x3=6] 在馆    
唐山师范学院图书馆 欢迎您!
大连网信软件有限公司© 版权所有